000 00657nam a22002057a 4500
003 0
005 20240918101150.0
008 240918b xxu||||| |||| 00| 0 eng d
020 _a978-1-265-20924-7
050 _aP 90
_b.G75 2023
100 _aGriffin, Em
245 _aA first look at communication theory
_cEm Griffin
250 _aEleventh edition
260 _aNew York City
_bMcGraw Hill LLC
_c2023
300 _axix, 550 pages :
_bblack and white illustrations and pictures ;
_c26cm.
504 _aIncludes bibliographical references and index.
650 _aCommunication--Philosophy.
650 _aCommunication, Theory.
942 _2lcc
_cBK
999 _c366234
_d366234